<?xml version="1.0" encoding="UTF-8"?>
<marc:record xmlns:marc="http://www.loc.gov/MARC21/slim">
   <marc:leader>00000nam a2200000 a 4500</marc:leader>
   <marc:datafield ind1="1" ind2=" " tag="100">
      <marc:subfield code="a">Ōkubo, Atsushi</marc:subfield>
      <marc:subfield code="4">aut</marc:subfield>
      <marc:subfield code="e">Verfasser/-in</marc:subfield>
   </marc:datafield>
   <marc:datafield ind1=" " ind2=" " tag="653">
      <marc:subfield code="a">Softcover / Belletristik/Comic</marc:subfield>
   </marc:datafield>
   <marc:datafield ind1=" " ind2=" " tag="653">
      <marc:subfield code="a">Cartoon</marc:subfield>
   </marc:datafield>
   <marc:datafield ind1=" " ind2=" " tag="653">
      <marc:subfield code="a">Humor</marc:subfield>
   </marc:datafield>
   <marc:datafield ind1=" " ind2=" " tag="653">
      <marc:subfield code="a">Satire/Manga</marc:subfield>
   </marc:datafield>
   <marc:datafield ind1=" " ind2=" " tag="653">
      <marc:subfield code="a">Manhwa</marc:subfield>
   </marc:datafield>
   <marc:datafield ind1="0" ind2="0" tag="245">
      <marc:subfield code="a">Soul eater</marc:subfield>
   </marc:datafield>
   <marc:datafield ind1="0" ind2="0" tag="245">
      <marc:subfield code="c">Atsushi Ohkubo. [Aus dem Japan. von Claudia Peter</marc:subfield>
   </marc:datafield>
   <marc:datafield ind1=" " ind2="1" tag="264">
      <marc:subfield code="a">Hamburg</marc:subfield>
      <marc:subfield code="b">Carlsen</marc:subfield>
   </marc:datafield>
   <marc:datafield ind1="1" ind2=" " tag="490">
      <marc:subfield code="a">Action</marc:subfield>
   </marc:datafield>
   <marc:datafield ind1="1" ind2=" " tag="520">
      <marc:subfield code="a">Angaben aus der Verlagsmeldung

Soul Eater, Band 6 / von Atsushi Ohkubo

&lt;p&gt;
Einmal Seele zum Mitnehmen, bitte!&lt;/p&gt;
&lt;p&gt;CARLSEN MANGA! präsentiert mit SOUL EATER eine der derzeit erfolgreichsten Serien Japans. Die actionreiche Serie verbindet klassische Kampfelemente mit einer gehörigen Portion sexy Fanservice, inmitten einer halloween-inspirierten Welt aus Kürbissen, Hexen und Untoten.&lt;/p&gt;
&lt;p&gt;Maka ist eine Waffenmeisterin in spezieller Ausbildung. Ihre Sense namens »Soul Eater« hat ein Eigenleben und nimmt außerhalb des Kampfes die Gestalt eines ultracoolen Jungen an. Um eine »Death Scythe« zu erschaffen, muss sich Soul Eater exakt 99 Menschenseelen und eine Hexenseele einverleiben, nur so kann Maka ihre Ausbildung abschließen. Die nötigen Menschenseelen wurden nach einigem Aufwand »zubereitet« und verschlungen, doch an der Seele einer Hexe beißen sich die beiden die Zähne aus. Müssen sie nun vielleicht sogar wieder ganz von vorne beginnen...?&lt;/p&gt;
&lt;p&gt;Eine rasante Fressorgie beginnt, auch zwischen den Mahlzeiten genießbar!
 &lt;/p&gt;
</marc:subfield>
   </marc:datafield>
   <marc:datafield ind1=" " ind2=" " tag="020">
      <marc:subfield code="a">9783551792167</marc:subfield>
      <marc:subfield code="9">9783551792167</marc:subfield>
   </marc:datafield>
   <marc:datafield ind1=" " ind2=" " tag="041">
      <marc:subfield code="a">ger</marc:subfield>
   </marc:datafield>
   <marc:datafield ind1=" " ind2=" " tag="300">
      <marc:subfield code="a">139, [47] S.</marc:subfield>
   </marc:datafield>
</marc:record>
